Boroughs of Bergen Quiz Stats

 Plays Quiz not verified by Sporcle

Score 0/8 Timer 02:00
0 Plays Today
Population (1. jan 2017) Borough % Correct
41 241Åsane
84.6%
42 236Fana
83.3%
40 677Årstad
82.1%
29 504Fyllingsdalen
73.1%
13 751Arna
64.1%
41 998Bergenhus
61.5%
28 139Ytrebygda
52.6%
40 151Laksevåg
50%

You're not logged in!

Compare scores with friends on all Sporcle quizzes.
OR
Log In

Show Comments

Extras

Top Quizzes Today


Score Distribution

Your Account Isn't Verified!

In order to create a playlist on Sporcle, you need to verify the email address you used during registration. Go to your Sporcle Settings to finish the process.

Report this User

Report this user for behavior that violates our Community Guidelines.

Details: